Films cultes de A à Z - Images - Statistiques

Statistiques générales
  • Ce quiz a été pris 758 fois
  • Le résultat moyen est 17 sur 26
Statistiques - réponses
Par images Réponse % Correct
Harry Potter and the Half-Blood Prince
99%
E.T l’extra-terrestre
98%
Titanic
97%
Gladiator
96%
Jurassic Park
96%
Fight Club
91%
Retour vers le Futur
91%
Le Seigneur des Anneaux : Les deux tours
85%
Matrix
85%
Inception
82%
Kill Bill
81%
X-men
78%
Pulp Fiction
74%
Se7en
70%
Blade Runner
61%
Usual Suspects
57%
V pour vendetta
55%
Apocalypse Now
54%
Good Will Hunting
54%
Orange mécanique
48%
Quantum of Solace
40%
Zodiac
38%
Die Hard
37%
Citizen Kane
20%
New York 1997
13%
Yojimbo
2%
Aucun quiz correspondant
Distribution des résultats
% des personnes avec chaque résultat
Percentile par nombre de réponses
Votre historique - résultats
Vous n’avez pas pris ce quiz